Acta aerarii publici vedecký časopis Ekonomickej fakulty Univerzity Mateja Bela v Banskej Bystrici
Publikovanie pôvodných vedeckých prác, referátov a recenzií týkajúcich sa finančnej teórie a praxe. Prioritne je orientovaný na oblasti verejných aj podnikových financií, finančného manažmentu, teórie financií, centrálneho a komerčného bankovníctva, poisťovníctva, účtovníctva, informačných technológ...
Saved in:
| Corporate Author: | |
|---|---|
| Format: | Serial |
| Language: | Slovak |
| Published: |
Banská Bystrica
Belianum
|
| Subjects: | |
| Tags: |
No Tags, Be the first to tag this record!
|
MARC
| LEADER | 00000nas1a2200000$$$4500 | ||
|---|---|---|---|
| 001 | 0059483 | ||
| 005 | 20260205133833.9 | ||
| 022 | |a 1336-8818 | ||
| 022 | |a 2989-3186 | ||
| 041 | 0 | |a slo | |
| 044 | |a SK | ||
| 245 | 1 | 0 | |a Acta aerarii publici |b vedecký časopis Ekonomickej fakulty Univerzity Mateja Bela v Banskej Bystrici |
| 264 | 1 | |a Banská Bystrica |b Belianum | |
| 500 | |a Od roku 2023 vychádza v online verzii | ||
| 520 | |a Publikovanie pôvodných vedeckých prác, referátov a recenzií týkajúcich sa finančnej teórie a praxe. Prioritne je orientovaný na oblasti verejných aj podnikových financií, finančného manažmentu, teórie financií, centrálneho a komerčného bankovníctva, poisťovníctva, účtovníctva, informačných technológií, aplikácie matematiky a informatiky vo finančníctve. | ||
| 610 | 2 | 0 | |a teória finančná |
| 610 | 2 | 0 | |a financie verejné |
| 610 | 2 | 0 | |a bankovníctvo |
| 610 | 2 | 0 | |a účtovníctvo |
| 610 | 2 | 0 | |a manažment finančný |
| 710 | 2 | |a Univerzita Mateja Bela v Banskej Bystrici. Ekonomická fakulta | |